00878 2200325 4500001002100000005001500021035002000036007000300056040001700059100003400076245006800110250001000178300003300188020001800221041000800239082000800247084001400255090002200269264003500291336002100326337003000347338002300377650002100400850001000421008004100431504002600472990001800498990001800516990001800534INLIS00000000000955020260420082311 a0010-1222000155ta aSBPUPADbind0 aBurhanuddin Salam:ePengarang1 aEtika Individual Pola Dasar Filsafat Moral /cBurhanuddin Salam aCet.1 av 236 hlm. :bilus. ;c14 cm a979-518-761-90 aind a177 a177 BUR e a745.5 EVI a T15-4 aJakarta :bRineka Cipta,c2000 2rdacontentateks 2rdamediaatanpa perantara 2rdacarrieravolume 4aEtika Individual aPUPAD260420 0  abibiliografi, hlm 234 a13301/BR 2010 a13300/BR 2010 a13299/BR 2010